000 00190nam a2200085Ia 4500
008 120527s9999 xx 000 0 und d
100 _aFATUBARIN, Ayo
245 _aPlant pathology
942 _cBK
999 _c25071
_d25071